|
|
|
|
| LEADER |
02051nam a2200445 a 4500 |
| 001 |
EBC667865 |
| 003 |
MiAaPQ |
| 005 |
20200520144314.0 |
| 006 |
m o d | |
| 007 |
cr cn||||||||| |
| 008 |
100315s2011 nyua sb 001 0 eng d |
| 010 |
|
|
|z 2010010145
|
| 020 |
|
|
|z 9780415459013 (hardback)
|
| 020 |
|
|
|z 9780415459020 (pbk.)
|
| 020 |
|
|
|a 9780203843420 (electronic bk.)
|
| 035 |
|
|
|a (MiAaPQ)EBC667865
|
| 035 |
|
|
|a (Au-PeEL)EBL667865
|
| 035 |
|
|
|a (CaPaEBR)ebr10442733
|
| 035 |
|
|
|a (CaONFJC)MIL303888
|
| 035 |
|
|
|a (OCoLC)905988235
|
| 040 |
|
|
|a MiAaPQ
|c MiAaPQ
|d MiAaPQ
|
| 050 |
|
4 |
|a HF5549.5.M5
|b P68 2011
|
| 082 |
0 |
4 |
|a 658.3008
|2 22
|
| 100 |
1 |
|
|a Potoker, Elaine S.
|
| 245 |
1 |
0 |
|a International human resource development
|h [electronic resource] :
|b a leadership perspective /
|c Elaine S. Potoker.
|
| 250 |
|
|
|a 2nd ed.
|
| 260 |
|
|
|a New York, N.Y. :
|b Routledge,
|c 2011.
|
| 300 |
|
|
|a xxi, 272 p. :
|b ill.
|
| 500 |
|
|
|a Previously published under title: Managing diverse working styles.
|
| 504 |
|
|
|a Includes bibliographical references (p. [249]-263) and index.
|
| 505 |
0 |
|
|a Breaking the code -- The limitations of language -- Recognizing the others are us : demographic trends in countries around the world -- Learning : one size does not fit all -- Intermezzo : the changing face of management -- Management's new face -- Building learning organizations through learning landscapes -- Best practices in IHRD -- Communication design issues of the future -- The future of IHRD.
|
| 533 |
|
|
|a Electronic reproduction. Ann Arbor, MI : ProQuest, 2015. Available via World Wide Web. Access may be limited to ProQuest affiliated libraries.
|
| 650 |
|
0 |
|a Diversity in the workplace
|x Management.
|
| 650 |
|
0 |
|a Intercultural communication.
|
| 650 |
|
0 |
|a Organizational learning.
|
| 650 |
|
0 |
|a Organizational effectiveness.
|
| 650 |
|
0 |
|a Multiculturalism.
|
| 655 |
|
4 |
|a Electronic books.
|
| 710 |
2 |
|
|a ProQuest (Firm)
|
| 856 |
4 |
0 |
|u https://ebookcentral.proquest.com/lib/matrademy/detail.action?docID=667865
|z Click to View
|